[Event "3. Copenhagen Open Politiken Cup"]
[Site "Brndby"]
[Date "1981.??.??"]
[Round "9"]
[White "Nielsen, Jrgen"]
[Black "Budde, Vladimir"]
[Result "0-1"]
[WhiteElo "2220"]
[BlackElo "2285"]
[PlyCount "136"]
[EventDate "1981.??.??"]
[EventType "swiss"]
[EventRounds "10"]
[EventCountry "DEN"]
[SourceDate "2004.01.01"]

1. d4 Nf6 2. c4 e6 3. Nc3 Bb4 4. e3 O-O 5. Nge2 d5 6. a3 Be7 7. cxd5 exd5 8.
Ng3 Bg4 9. Qc2 c5 10. dxc5 Bxc5 11. h3 Be6 12. Bd3 Nc6 13. O-O Rc8 14. Rd1 Bd6
15. Nf5 Be5 16. f4 Bb8 17. Qf2 Qd7 18. g4 Rcd8 19. Qh4 Ne7 20. Nh6+ Kh8 21. g5
gxh6 22. Qxh6 Neg8 23. Qh4 Bxh3 24. gxf6 Qg4+ 25. Qxg4 Bxg4 26. Rd2 d4 27. Rh2
Nxf6 28. Ne4 Nxe4 29. Bxe4 f5 30. Bxb7 Rf7 31. Ba6 Bc7 32. b4 Re7 33. exd4 Bb6
34. Rd2 Rg7 35. Kf1 Rxd4 36. Rxd4 Bxd4 37. Rb1 Bf3 38. Ke1 Rg2 39. Rb3 Bg4 40.
Be3 Bb6 41. a4 h5 42. a5 Bxe3 43. Rxe3 Rb2 44. b5 h4 45. Re8+ Kg7 46. Re7+ Kg6
47. b6 axb6 48. Re6+ Kg7 49. Rxb6 Ra2 50. Rb7+ Kf6 51. Rb6+ Ke7 52. Bc4 Rxa5
53. Rh6 Ra4 54. Bf1 Re4+ 55. Kf2 Rxf4+ 56. Kg1 Bf3 57. Kh2 Kf7 58. Bd3 Kg7 59.
Rb6 Bg4 60. Kg1 h3 61. Rb2 Kg6 62. Ba6 Kg5 63. Bb7 Kh4 64. Kh2 Rf1 65. Bd5 f4
66. Bc6 Re1 67. Rb4 Re2+ 68. Kg1 Kg3 0-1

[Event "3. Copenhagen Open Politiken Cup"]
[Site "Brndby"]
[Date "1981.??.??"]
[Round "9"]
[White "Nykopp, Jan Michael"]
[Black "Reinert, Mads"]
[Result "1/2-1/2"]
[WhiteElo "2260"]
[BlackElo "2215"]
[PlyCount "108"]
[EventDate "1981.??.??"]
[EventType "swiss"]
[EventRounds "10"]
[EventCountry "DEN"]
[SourceDate "2004.01.01"]

1. e4 c5 2. Nf3 d6 3. Bb5+ Nc6 4. O-O Bd7 5. c3 Nf6 6. Re1 a6 7. Bxc6 Bxc6 8.
d4 Bxe4 9. Bg5 Bd5 10. Nbd2 e6 11. c4 Bxf3 12. Qxf3 cxd4 13. Bxf6 gxf6 14. Qxb7
Bg7 15. Nf3 O-O 16. Nxd4 Qc8 17. Qxc8 Rfxc8 18. b3 Rc5 19. Rad1 Rb8 20. Ne2 Ra5
21. Nc3 f5 22. Na4 Bf8 23. Re3 Be7 24. Kf1 Rb4 25. Rdd3 h5 26. Rg3+ Kf8 27. Rh3
h4 28. Rhe3 Rb8 29. Re2 Kg7 30. Nc3 Rd8 31. f4 Rc5 32. Kf2 Bf6 33. Nd1 Kf8 34.
Ne3 a5 35. Red2 Rc6 36. Nf1 a4 37. Ne3 axb3 38. axb3 Rb8 39. Rxd6 Rxd6 40. Rxd6
Rxb3 41. Nxf5 h3 42. gxh3 Rb2+ 43. Kf3 Rxh2 44. Kg3 Rc2 45. Ne3 Rc3 46. Kf2 Be7
47. Rc6 Ke8 48. Ke2 Kd7 49. Ra6 Bc5 50. Ng4 Rxh3 51. Ne5+ Ke7 52. Rc6 Bd6 53.
Nd3 Rh4 54. Ke3 Rh3+ 1/2-1/2

[Event "3. Copenhagen Open Politiken Cup"]
[Site "Brndby"]
[Date "1981.??.??"]
[Round "9"]
[White "Pedersen, Jens Otto"]
[Black "Brondum, Eric"]
[Result "1/2-1/2"]
[WhiteElo "2230"]
[BlackElo "2460"]
[PlyCount "83"]
[EventDate "1981.??.??"]
[EventType "swiss"]
[EventRounds "10"]
[EventCountry "DEN"]
[SourceDate "2004.01.01"]

1. Nf3 Nf6 2. c4 g6 3. g3 Bg7 4. Bg2 O-O 5. O-O d6 6. d4 Nc6 7. d5 Na5 8. Nfd2
c5 9. Nc3 a6 10. Qc2 Rb8 11. Rb1 b5 12. cxb5 axb5 13. b4 cxb4 14. Rxb4 Ba6 15.
Bb2 Qc7 16. Ba1 Rfc8 17. Qd3 Nd7 18. Nce4 Bxa1 19. Rxa1 Nc4 20. Nb3 Nde5 21.
Qd4 Na3 22. Qd2 Qc2 23. Qh6 Qxe2 24. Nd4 Qh5 25. Qxh5 gxh5 26. f4 Ng4 27. Nc6
Nc2 28. Nxe7+ Kf8 29. Nxc8 Rxc8 30. Rbb1 Nxa1 31. Rxa1 Ne3 32. Nxd6 Rd8 33. Ne4
Nxg2 34. Kxg2 Bb7 35. Nc3 b4 36. Rb1 bxc3 37. Rxb7 Rc8 38. Rb1 Ra8 39. Rb7
Rxa2+ 40. Kh3 Kg7 41. Rc7 c2 42. Rc6 1/2-1/2

[Event "3. Copenhagen Open Politiken Cup"]
[Site "Brndby"]
[Date "1981.??.??"]
[Round "9"]
[White "Ravikumar, Vaidyanathan"]
[Black "Kirov, Nino"]
[Result "1-0"]
[WhiteElo "2325"]
[BlackElo "2475"]
[PlyCount "65"]
[EventDate "1981.??.??"]
[EventType "swiss"]
[EventRounds "10"]
[EventCountry "DEN"]
[SourceDate "2004.01.01"]

1. Nf3 c5 2. g3 Nc6 3. Bg2 g6 4. O-O Bg7 5. c3 e5 6. d3 Nge7 7. a3 O-O 8. e4 d5
9. Nbd2 h6 10. b4 cxb4 11. axb4 Be6 12. b5 Na5 13. Ba3 Re8 14. Re1 Rc8 15. Nxe5
Bxe5 16. exd5 Bxc3 17. dxe6 Qxd3 18. Ne4 Qxd1 19. Rexd1 Bxa1 20. exf7+ Kxf7 21.
Nd6+ Kf8 22. Rxa1 b6 23. Nxc8 Rxc8 24. Re1 Rc7 25. Bd5 Rd7 26. Be6 Rb7 27. Ba2
Ke8 28. Re6 h5 29. Bd5 Rd7 30. Bc6 Naxc6 31. bxc6 Rc7 32. Bxe7 Rxe7 33. c7 1-0

[Event "3. Copenhagen Open Politiken Cup"]
[Site "Brndby"]
[Date "1981.??.??"]
[Round "9"]
[White "Spassov, Liuben"]
[Black "Jasnikowski, Zbigniew"]
[Result "0-1"]
[WhiteElo "2460"]
[BlackElo "2380"]
[PlyCount "107"]
[EventDate "1981.??.??"]
[EventType "swiss"]
[EventRounds "10"]
[EventCountry "DEN"]
[SourceDate "2004.01.01"]

1. Nf3 Nf6 2. c4 g6 3. Nc3 Bg7 4. e4 d6 5. d4 O-O 6. Be2 e5 7. O-O Nc6 8. d5
Ne7 9. Nd2 a5 10. b3 Nd7 11. a3 f5 12. Bb2 Nf6 13. b4 b6 14. Qb3 Bh6 15. Rad1
Bxd2 16. Rxd2 f4 17. c5 g5 18. Rc1 Ng6 19. cxd6 cxd6 20. Bd3 f3 21. g3 Qd7 22.
Nb5 Ba6 23. a4 Qh3 24. Bf1 Qh5 25. Rd3 Bxb5 26. axb5 Nxe4 27. Rc4 Nxf2 28. Rd2
a4 29. Qa3 Ng4 30. h3 Nf6 31. g4 Qh4 32. Qxf3 Nf4 33. Rc6 Qe1 34. Rd1 Nxh3+ 35.
Kh2 Qf2+ 36. Qxf2 Nxf2 37. Re1 N2xg4+ 38. Kg1 a3 39. Ba1 a2 40. Rxb6 Ra3 41.
Ra6 Rg3+ 42. Bg2 Ne3 43. Rxa2 Nxg2 44. Rxg2 Rxg2+ 45. Kxg2 Rb8 46. Rc1 Rxb5 47.
Rc6 Rxd5 48. Bc3 Kf7 49. Rc7+ Ke6 50. Rb7 Rd3 51. Be1 h5 52. b5 h4 53. b6 h3+
54. Kf1 0-1

[Event "3. Copenhagen Open Politiken Cup"]
[Site "Brndby"]
[Date "1981.??.??"]
[Round "9"]
[White "Sorensen, Bent"]
[Black "Hansen, Curt"]
[Result "1-0"]
[WhiteElo "2285"]
[BlackElo "2330"]
[PlyCount "104"]
[EventDate "1981.??.??"]
[EventType "swiss"]
[EventRounds "10"]
[EventCountry "DEN"]
[SourceDate "2004.01.01"]

1. Nf3 c5 2. g3 b5 3. Bg2 Bb7 4. O-O Nf6 5. d3 d6 6. e4 e6 7. Re1 Nbd7 8. Nbd2
Qc7 9. a4 a6 10. b3 Be7 11. Bb2 O-O 12. Qe2 Bc6 13. axb5 axb5 14. d4 b4 15. e5
dxe5 16. dxe5 Nd5 17. Nc4 Kh8 18. Nfd2 Rxa1 19. Rxa1 Ra8 20. Rxa8+ Bxa8 21. Be4
Kg8 22. Qh5 g6 23. Qf3 Nb8 24. h4 Bb7 25. h5 Nc6 26. Nf1 Nc3 27. hxg6 hxg6 28.
Bxc3 bxc3 29. Qh1 Na5 30. Bxb7 Nxb7 31. Qf3 Na5 32. Qa8+ Bd8 33. Qxa5 Qxa5 34.
Nxa5 Bxa5 35. Ne3 Kg7 36. Kf1 Bc7 37. Nc4 Kh6 38. Nd6 f5 39. f4 Kh5 40. Nf7 Kg4
41. Kg2 g5 42. Nxg5 Bxe5 43. Nxe6 Bd6 44. Kf2 Be7 45. Nc7 Bf6 46. Nd5 Bd4+ 47.
Kg2 Kh5 48. Kf3 Kg6 49. g4 fxg4+ 50. Kxg4 Bg7 51. f5+ Kf7 52. Kf4 Bd4 1-0

[Event "3. Copenhagen Open Politiken Cup"]
[Site "Brndby"]
[Date "1981.??.??"]
[Round "9"]
[White "Sorensen, Henrik"]
[Black "Jensen, Vagn"]
[Result "1-0"]
[WhiteElo "2215"]
[BlackElo "2235"]
[PlyCount "41"]
[EventDate "1981.??.??"]
[EventType "swiss"]
[EventRounds "10"]
[EventCountry "DEN"]
[SourceDate "2004.01.01"]

1. d4 f5 2. Qd3 d5 3. g4 fxg4 4. h3 Nf6 5. hxg4 Bxg4 6. Bh3 Qd7 7. Bxg4 Qxg4 8.
Nf3 Nc6 9. Rh4 Qd7 10. c3 e6 11. Bg5 Ne4 12. Nbd2 Nxg5 13. Nxg5 Be7 14. Rxh7
O-O-O 15. Rxg7 Rh1+ 16. Nf1 e5 17. dxe5 Nxe5 18. Qe3 d4 19. Qxe5 d3 20. exd3
Qxd3 21. Qe2 1-0

[Event "3. Copenhagen Open Politiken Cup"]
[Site "Brndby"]
[Date "1981.??.??"]
[Round "9"]
[White "Taulbut, Shaun M"]
[Black "Scheeren, Peter"]
[Result "1/2-1/2"]
[WhiteElo "2380"]
[BlackElo "2415"]
[PlyCount "108"]
[EventDate "1981.??.??"]
[EventType "swiss"]
[EventRounds "10"]
[EventCountry "DEN"]
[SourceDate "2004.01.01"]

1. e4 e5 2. Bc4 Nf6 3. d3 c6 4. Nf3 d5 5. Bb3 Bd6 6. exd5 cxd5 7. Bg5 Be6 8.
Nc3 Qa5 9. O-O Nbd7 10. Qe1 Qc5 11. Bxf6 Nxf6 12. Nxe5 O-O 13. Nf3 Rfe8 14. d4
Qb6 15. Qd1 Bg4 16. h3 Bxf3 17. Qxf3 Qxd4 18. Nb5 Qe5 19. Nxd6 Qxd6 20. Rad1
Qb6 21. c3 h6 22. Rfe1 Qb5 23. g3 b6 24. Qf5 Rxe1+ 25. Rxe1 a5 26. Rd1 Qe2 27.
Qd3 Re8 28. c4 Qxd3 29. Rxd3 dxc4 30. Bxc4 Rc8 31. b3 Rb8 32. a4 Kf8 33. Rd6
Ke7 34. Rc6 Ne8 35. Bb5 Rb7 36. Ba6 Rb8 37. Kg2 Nd6 38. Rc7+ Ke6 39. h4 Ra8 40.
Bb7 Re8 41. Bc6 Rd8 42. h5 g6 43. hxg6 fxg6 44. g4 Kf6 45. f4 Rc8 46. Rxc8 Nxc8
47. Kf3 Ke6 48. Ke4 Ne7 49. Be8 Kf6 50. Kd4 Ke6 51. Ke4 Kf6 52. Kd4 Ke6 53. Kc4
Kd6 54. Bf7 g5 1/2-1/2

[Event "3. Copenhagen Open Politiken Cup"]
[Site "Brndby"]
[Date "1981.??.??"]
[Round "9"]
[White "Tjarnemo, Hakan"]
[Black "Poulsen, Allan"]
[Result "0-1"]
[WhiteElo "2235"]
[BlackElo "2400"]
[PlyCount "100"]
[EventDate "1981.??.??"]
[EventType "swiss"]
[EventRounds "10"]
[EventCountry "DEN"]
[SourceDate "2004.01.01"]

1. Nf3 Nf6 2. d4 g6 3. c4 Bg7 4. Nc3 d5 5. cxd5 Nxd5 6. e4 Nxc3 7. bxc3 c5 8.
Be3 Bg4 9. Qd2 Nc6 10. d5 Qa5 11. Rc1 Rd8 12. Be2 O-O 13. O-O e6 14. Rfd1 exd5
15. exd5 Rfe8 16. c4 Qa3 17. h3 Bxf3 18. Bxf3 b6 19. Re1 Nb4 20. Re2 Nd3 21.
Rb1 Ne5 22. Qc2 Qa6 23. Rb5 Nxf3+ 24. gxf3 Qc8 25. Kg2 Re5 26. Rb1 Rde8 27.
Rbe1 Rh5 28. Rh1 Be5 29. Bc1 Bd4 30. Bb2 Rxe2 31. Qxe2 Rg5+ 32. Kf1 Bxb2 33.
Qxb2 Qf5 34. Qb3 Qf4 35. Qc3 b5 36. cxb5 Rxd5 37. Kg2 Rg5+ 38. Kf1 c4 39. Rg1
Qe5 40. Qxe5 Rxe5 41. Rg4 Rc5 42. Ke1 c3 43. Kd1 Rxb5 44. Ra4 Rb2 45. Rxa7 Rxf2
46. a4 Rxf3 47. Kc2 Rxh3 48. a5 h5 49. a6 Rh2+ 50. Kxc3 Ra2 0-1

[Event "3. Copenhagen Open Politiken Cup"]
[Site "Brndby"]
[Date "1981.??.??"]
[Round "9"]
[White "Welin, Thomas"]
[Black "Pokojowczyk, Jerzy"]
[Result "1-0"]
[WhiteElo "2290"]
[BlackElo "2390"]
[PlyCount "61"]
[EventDate "1981.??.??"]
[EventType "swiss"]
[EventRounds "10"]
[EventCountry "DEN"]
[SourceDate "2004.01.01"]

1. c4 Nf6 2. Nc3 e6 3. e4 d5 4. e5 d4 5. exf6 dxc3 6. bxc3 Qxf6 7. Nf3 c5 8. d4
cxd4 9. Bg5 Qf5 10. cxd4 Nc6 11. a3 Be7 12. Bd3 Qa5+ 13. Bd2 Qc7 14. O-O O-O
15. Qe2 Bf6 16. Bc3 Rd8 17. Qe3 b6 18. Rac1 Qd6 19. Be4 Bb7 20. c5 Qd7 21. d5
exd5 22. Bxf6 gxf6 23. Bd3 Qg4 24. cxb6 Qh5 25. Rfe1 d4 26. Qf4 Na5 27. Qxf6
Rdc8 28. Rxc8+ Rxc8 29. Re5 Bxf3 30. Rxh5 Bxh5 31. Bxh7+ 1-0

[Event "3. Copenhagen Open Politiken Cup"]
[Site "Brndby"]
[Date "1981.??.??"]
[Round "9"]
[White "Akesson, Ralf"]
[Black "Carlsson, Mats"]
[Result "1-0"]
[WhiteElo "2305"]
[BlackElo "2255"]
[PlyCount "81"]
[EventDate "1981.??.??"]
[EventType "swiss"]
[EventRounds "10"]
[EventCountry "DEN"]
[SourceDate "2004.01.01"]

1. Nf3 d5 2. g3 Nf6 3. Bg2 c5 4. c4 e6 5. cxd5 exd5 6. d4 Nc6 7. Nc3 c4 8. O-O
Bb4 9. Bg5 Bxc3 10. bxc3 O-O 11. Nd2 Bg4 12. Bxf6 gxf6 13. Re1 Re8 14. Nf1 Qd6
15. Qd2 Bf5 16. Qh6 Be4 17. Bxe4 Rxe4 18. Rab1 b6 19. Ne3 Qe6 20. Ng2 Qf5 21.
Nf4 Rxf4 22. Qxf4 Qxf4 23. gxf4 f5 24. f3 Re8 25. Kf2 Re6 26. Rg1+ Kf8 27. Rg5
Ne7 28. Rbg1 Ke8 29. Rh5 h6 30. a4 a6 31. Rg7 b5 32. axb5 axb5 33. Rh7 b4 34.
cxb4 Rb6 35. R7xh6 Rxb4 36. Rd6 Ng6 37. Rxf5 c3 38. Rc6 Rxd4 39. Rxc3 Nxf4 40.
Rc8+ Kd7 41. Rf8 1-0

[Event "3. Copenhagen Open Politiken Cup"]
[Site "Brndby"]
[Date "1981.??.??"]
[Round "10"]
[White "Berg, Klaus"]
[Black "Carlsson, Gerner"]
[Result "1/2-1/2"]
[WhiteElo "2305"]
[BlackElo "2205"]
[PlyCount "182"]
[EventDate "1981.??.??"]
[EventType "swiss"]
[EventRounds "10"]
[EventCountry "DEN"]
[SourceDate "2004.01.01"]

1. Nf3 Nf6 2. c4 e6 3. Nc3 d5 4. d4 Be7 5. Bg5 Nbd7 6. e3 O-O 7. cxd5 exd5 8.
Be2 c6 9. Rb1 Re8 10. O-O Ne4 11. Bxe7 Qxe7 12. Qc1 Nxc3 13. Qxc3 a5 14. b3 Nf6
15. a3 Bg4 16. b4 Ne4 17. Qb2 axb4 18. axb4 Qd6 19. b5 Re6 20. bxc6 bxc6 21.
Qb7 Rf8 22. Qb4 Qd8 23. Rfc1 Rh6 24. h3 f5 25. Qb6 Qf6 26. Qc7 Bxf3 27. Bxf3
Nd2 28. Rb8 Nxf3+ 29. gxf3 Rg6+ 30. Kf1 Rxb8 31. Qxb8+ Qf8 32. Qc7 Qa8 33. Qb6
h6 34. f4 Qa3 35. Rd1 Rf6 36. Qb1 Qa8 37. Rd2 Qe8 38. Qd1 Qe4 39. Qh5 Kh7 40.
Ke2 Rg6 41. Rb2 c5 42. Rd2 c4 43. Qf3 Qe6 44. Kf1 c3 45. Ra2 Qb6 46. Qd1 Qb5+
47. Re2 Rb6 48. Ke1 Qa5 49. Rc2 Rg6 50. Qd3 Rg1+ 51. Ke2 Qa1 52. Qxf5+ Kg8 53.
Qxd5+ Kh8 54. Kd3 Rd1+ 55. Kc4 Qa4+ 56. Kxc3 Qa3+ 57. Qb3 Rd3+ 58. Kxd3 Qxb3+
59. Rc3 Qd1+ 60. Ke4 Qh1+ 61. Ke5 Qxh3 62. d5 h5 63. d6 g6 64. Rc7 Qf5+ 65. Kd4
h4 66. d7 Qf6+ 67. Ke4 Qe6+ 68. Kf3 Qd5+ 69. Kg4 Qg2+ 70. Kxh4 Qxf2+ 71. Kg5
Qg2+ 72. Kh6 Qh3+ 73. Kxg6 Qe6+ 74. Kg5 Qd5+ 75. Kh4 Qh1+ 76. Kg3 Qe1+ 77. Kf3
Qh1+ 78. Kf2 Qh2+ 79. Ke1 Qh1+ 80. Kd2 Qd5+ 81. Kc1 Qh1+ 82. Kb2 Qg2+ 83. Kc3
Qg7+ 84. Kc4 Qf7+ 85. Kb4 Qf8+ 86. Kc4 Qf7+ 87. Kb5 Qf5+ 88. Kb6 Qe6+ 89. Kb7
Qd5+ 90. Kb8 Qb5+ 91. Rb7 Qd5 1/2-1/2

[Event "3. Copenhagen Open Politiken Cup"]
[Site "Brndby"]
[Date "1981.??.??"]
[Round "10"]
[White "Brondum, Eric"]
[Black "Carlsson, Mats"]
[Result "0-1"]
[WhiteElo "2460"]
[BlackElo "2255"]
[PlyCount "112"]
[EventDate "1981.??.??"]
[EventType "swiss"]
[EventRounds "10"]
[EventCountry "DEN"]
[SourceDate "2004.01.01"]

1. d4 Nf6 2. c4 g6 3. d5 c6 4. g3 Bg7 5. Bg2 O-O 6. Nh3 d6 7. O-O e5 8. Nc3
cxd5 9. cxd5 Na6 10. f3 Nc5 11. e4 Bd7 12. Be3 b5 13. b4 Na6 14. Qb3 Rc8 15.
Nf2 h5 16. Rfc1 h4 17. g4 Nh7 18. Ncd1 f5 19. Rxc8 Qxc8 20. Rc1 Qb7 21. gxf5
gxf5 22. exf5 Bxf5 23. Rc6 Rf6 24. Ne4 Bxe4 25. fxe4 Rg6 26. Kh1 Qf7 27. Nf2
Ng5 28. Bxg5 Qxf2 29. Qe3 Qxe3 30. Bxe3 Nxb4 31. Bh3 Bf8 32. Rc7 Nd3 33. Bf5
Bh6 34. Bxg6 Bxe3 35. Bh7+ Kf8 36. Rc3 Nf2+ 37. Kg2 Bd4 38. Rc7 a5 39. Bg6 b4
40. Rf7+ Kg8 41. Rb7 Bc5 42. Kf3 a4 43. Be8 a3 44. Ba4 Kh8 45. Bb3 Kg8 46. Rc7
Nd3 47. Kg4 h3 48. Kf5 Bg1 49. Rc2 Nc5 50. Rc1 Bd4 51. Rc2 Kf7 52. Kg4 Kf6 53.
Kxh3 Nxb3 54. axb3 Bb2 55. Rc6 a2 56. Rxd6+ Ke7 0-1

[Event "3. Copenhagen Open Politiken Cup"]
[Site "Brndby"]
[Date "1981.??.??"]
[Round "10"]
[White "Farias, Sergio"]
[Black "Tjarnemo, Hakan"]
[Result "1/2-1/2"]
[WhiteElo "2240"]
[BlackElo "2235"]
[PlyCount "30"]
[EventDate "1981.??.??"]
[EventType "swiss"]
[EventRounds "10"]
[EventCountry "DEN"]
[SourceDate "2004.01.01"]

1. d4 Nf6 2. Nf3 c5 3. e3 g6 4. c4 Bg7 5. Nc3 O-O 6. Be2 d5 7. O-O cxd4 8. Nxd4
Nc6 9. cxd5 Nxd5 10. Nxd5 Qxd5 11. Bf3 Qc5 12. Nxc6 bxc6 13. Qa4 Rb8 14. Qxc6
Qxc6 15. Bxc6 Be6 1/2-1/2

[Event "3. Copenhagen Open Politiken Cup"]
[Site "Brndby"]
[Date "1981.??.??"]
[Round "10"]
[White "Hansen, Curt"]
[Black "Pedersen, Jens Otto"]
[Result "1/2-1/2"]
[WhiteElo "2330"]
[BlackElo "2230"]
[PlyCount "65"]
[EventDate "1981.??.??"]
[EventType "swiss"]
[EventRounds "10"]
[EventCountry "DEN"]
[SourceDate "2004.01.01"]

1. e4 e6 2. d4 d5 3. Nd2 dxe4 4. Nxe4 Be7 5. Nf3 Nd7 6. Bd3 Ngf6 7. Nxf6+ Bxf6
8. c3 c5 9. dxc5 Nxc5 10. Bb5+ Bd7 11. Qe2 O-O 12. Be3 Qa5 13. Bxd7 Nxd7 14.
O-O Rfd8 15. Rfd1 Ne5 16. h3 Nxf3+ 17. Qxf3 Qb5 18. Rab1 Rxd1+ 19. Qxd1 Rd8 20.
Qc2 a6 21. b3 Qd3 22. Rc1 Qxc2 23. Rxc2 Rd1+ 24. Kh2 Kf8 25. c4 Ke8 26. c5 Kd7
27. Rc4 Kc6 28. Rb4 Bd8 29. Kg3 Ra1 30. a4 Rb1 31. Kf3 Ba5 32. Rh4 h6 33. Rg4
1/2-1/2

[Event "3. Copenhagen Open Politiken Cup"]
[Site "Brndby"]
[Date "1981.??.??"]
[Round "10"]
[White "Hoi, Carsten"]
[Black "Jasnikowski, Zbigniew"]
[Result "1/2-1/2"]
[WhiteElo "2425"]
[BlackElo "2380"]
[PlyCount "133"]
[EventDate "1981.??.??"]
[EventType "swiss"]
[EventRounds "10"]
[EventCountry "DEN"]
[SourceDate "2004.01.01"]

1. d4 Nf6 2. c4 g6 3. Nc3 d5 4. Nf3 Bg7 5. cxd5 Nxd5 6. e4 Nxc3 7. bxc3 c5 8.
Be3 Qa5 9. Qd2 O-O 10. Rc1 cxd4 11. cxd4 Qxd2+ 12. Kxd2 Nc6 13. Bb5 f5 14. exf5
Rxf5 15. Bxc6 bxc6 16. Rxc6 Bb7 17. Rc7 Bxf3 18. gxf3 Rd8 19. Rxe7 Bxd4 20. Ke2
Bxe3 21. fxe3 Ra5 22. f4 Rxa2+ 23. Kf3 Rf8 24. h4 Rf7 25. Re8+ Kg7 26. h5 g5
27. h6+ Kf6 28. Rc1 gxf4 29. exf4 Ra6 30. Kg4 Re6 31. Rh8 Re2 32. Rc6+ Re6 33.
Rc5 Re1 34. Rf5+ Ke7 35. Rxf7+ Kxf7 36. Kf5 Rh1 37. Rxh7+ Kg8 38. Rg7+ Kf8 39.
Rg6 Rh5+ 40. Kg4 Rh1 41. Rc6 a5 42. Ra6 Kg8 43. Kg5 Rg1+ 44. Kf6 Kh7 45. Ra8
Rb1 46. f5 Rb2 47. Rxa5 Kxh6 48. Ra6 Rb7 49. Rd6 Ra7 50. Rb6 Rc7 51. Rb1 Rc6+
52. Ke7 Rc7+ 53. Kd6 Ra7 54. Rb6 Kg7 55. Ke6 Rc7 56. f6+ Kg6 57. Kd6 Ra7 58.
Ke6 Rc7 59. Rb1 Rc6+ 60. Ke7 Rc7+ 61. Kd6 Ra7 62. Ke6 Ra6+ 63. Ke7 Ra7+ 64. Ke6
Ra6+ 65. Ke7 Ra7+ 66. Ke6 Ra6+ 67. Ke7 1/2-1/2

[Event "3. Copenhagen Open Politiken Cup"]
[Site "Brndby"]
[Date "1981.??.??"]
[Round "10"]
[White "Jakobsen, Ole"]
[Black "Welin, Thomas"]
[Result "1-0"]
[WhiteElo "2415"]
[BlackElo "2290"]
[PlyCount "63"]
[EventDate "1981.??.??"]
[EventType "swiss"]
[EventRounds "10"]
[EventCountry "DEN"]
[SourceDate "2004.01.01"]

1. c4 g6 2. e4 e5 3. Nf3 Bg7 4. d4 exd4 5. Nxd4 Ne7 6. Nc3 Nbc6 7. Be3 d6 8. h4
h6 9. Qd2 Ne5 10. Be2 a6 11. O-O-O Ng4 12. Bxg4 Bxg4 13. f3 Bd7 14. Nb3 b6 15.
Bd4 Bxd4 16. Nxd4 Be6 17. Nxe6 fxe6 18. e5 d5 19. cxd5 exd5 20. Nxd5 Nxd5 21.
Qxd5 Qxd5 22. Rxd5 Rd8 23. Rxd8+ Kxd8 24. f4 Ke7 25. Kd2 Rd8+ 26. Ke3 h5 27. b4
Rd5 28. Rc1 Kd7 29. a4 c5 30. bxc5 bxc5 31. Rc3 Kc6 32. Rd3 1-0

[Event "3. Copenhagen Open Politiken Cup"]
[Site "Brndby"]
[Date "1981.??.??"]
[Round "10"]
[White "Kovacs, Laszlo"]
[Black "Jahr, Ulrich"]
[Result "1-0"]
[WhiteElo "2315"]
[BlackElo "2230"]
[PlyCount "76"]
[EventDate "1981.??.??"]
[EventType "swiss"]
[EventRounds "10"]
[EventCountry "DEN"]
[SourceDate "2004.01.01"]

1. e4 e6 2. d4 d5 3. Nd2 c5 4. Ngf3 Nf6 5. e5 Nfd7 6. c3 Nc6 7. Be2 Qb6 8. Nb3
cxd4 9. cxd4 a5 10. Be3 a4 11. Nbd2 Qxb2 12. O-O Be7 13. Rb1 Qc3 14. Rb5 Nb4
15. Ne1 f5 16. Nb1 Qc7 17. Qd2 Nc6 18. Nd3 O-O 19. Rc1 Qd8 20. Qc3 Qe8 21. f4
Qd8 22. Na3 g5 23. Rbb1 gxf4 24. Bf2 Bg5 25. Bf3 Na5 26. Qb4 b6 27. Qxa4 Ba6
28. Nb4 Bc4 29. Nxc4 Nxc4 30. Qc6 Qe8 31. Nxd5 Nd2 32. Nc7 Nxe5 33. dxe5 Qxc6
34. Bxc6 Rac8 35. Nxe6 Nxb1 36. Nxg5 Rfd8 37. Bxb6 Re8 38. Bd5+ Kg7 1-0

[Event "3. Copenhagen Open Politiken Cup"]
[Site "Brndby"]
[Date "1981.??.??"]
[Round "10"]
[White "Krahenbuhl, Gerhard"]
[Black "Laird, Craig"]
[Result "1-0"]
[WhiteElo "2305"]
[BlackElo "2305"]
[PlyCount "75"]
[EventDate "1981.??.??"]
[EventType "swiss"]
[EventRounds "10"]
[EventCountry "DEN"]
[SourceDate "2004.01.01"]

1. c4 e5 2. Nc3 Nf6 3. Nf3 Nc6 4. g3 Nd4 5. Bg2 Nxf3+ 6. Bxf3 c6 7. d4 d6 8.
O-O Bh3 9. Re1 Be7 10. b3 Qc7 11. Bb2 h5 12. Qd3 h4 13. Ne4 Nd7 14. Qe3 O-O-O
15. dxe5 dxe5 16. c5 hxg3 17. fxg3 Rh6 18. b4 f5 19. Nd6+ Rxd6 20. cxd6 Bxd6
21. a3 Kb8 22. Rad1 e4 23. Bg2 Bxg2 24. Kxg2 Nb6 25. Qg5 Nd5 26. e3 Qd7 27. b5
Be7 28. Be5+ Ka8 29. bxc6 bxc6 30. Qg6 Bxa3 31. Rb1 Bb4 32. Re2 Re8 33. Bd4 c5
34. Rxb4 Nxb4 35. Bxc5 Qb5 36. Rb2 Qc6 37. Qf7 Nd3 38. Qxa7# 1-0

[Event "3. Copenhagen Open Politiken Cup"]
[Site "Brndby"]
[Date "1981.??.??"]
[Round "10"]
[White "Sahl, Bjarke"]
[Black "Jensen, Allan Astrup"]
[Result "1-0"]
[WhiteElo "2345"]
[BlackElo "2225"]
[PlyCount "99"]
[EventDate "1981.??.??"]
[EventType "swiss"]
[EventRounds "10"]
[EventCountry "DEN"]
[SourceDate "2004.01.01"]

1. c4 e6 2. Nf3 d5 3. b3 c5 4. g3 Nc6 5. Bg2 Nf6 6. O-O Be7 7. Bb2 O-O 8. e3
Re8 9. Re1 Ne4 10. d3 Bf6 11. Qe2 Bxb2 12. Qxb2 Ng5 13. Nxg5 Qxg5 14. Nc3 Rd8
15. h4 Qf6 16. Rab1 Ne5 17. Red1 b6 18. cxd5 Bb7 19. Ne4 Qf5 20. d6 Rd7 21. Qe2
Rad8 22. Rd2 h6 23. Rbd1 Qh7 24. d4 Bxe4 25. dxe5 Bxg2 26. Kxg2 Qe4+ 27. f3
Qxe5 28. e4 g5 29. f4 Qg7 30. hxg5 hxg5 31. Qg4 f5 32. exf5 exf5 33. Qxf5 gxf4
34. Qxf4 Rf7 35. Qh4 Rdf8 36. d7 Qc3 37. Qg5+ Rg7 38. Qd5+ Kh7 39. Rh1+ Kg6 40.
Qh5+ Kf6 41. Rf1+ Ke7 42. Re1+ Kd8 43. Re8+ Kc7 44. d8=Q+ Kc6 45. Qc8+ Kb5 46.
Qe2+ Kb4 47. Re4+ Ka3 48. Qca6+ Qa5 49. Ra4+ Qxa4 50. Qxa4# 1-0

[Event "3. Copenhagen Open Politiken Cup"]
[Site "Brndby"]
[Date "1981.??.??"]
[Round "10"]
[White "Mortensen, Erling"]
[Black "Bjarnason, Saevar"]
[Result "1/2-1/2"]
[WhiteElo "2375"]
[BlackElo "2245"]
[PlyCount "72"]
[EventDate "1981.??.??"]
[EventType "swiss"]
[EventRounds "10"]
[EventCountry "DEN"]
[SourceDate "2004.01.01"]

1. e4 e6 2. d4 d5 3. Nd2 c5 4. exd5 exd5 5. Ngf3 Nc6 6. Bb5 Bd6 7. dxc5 Bxc5 8.
O-O Nge7 9. Nb3 Bb6 10. Re1 O-O 11. Be3 Bxe3 12. Rxe3 Bg4 13. c3 Qd6 14. Be2
Rad8 15. Nfd4 Bd7 16. Bd3 a6 17. Qh5 g6 18. Qg5 f6 19. Qh4 Ne5 20. Rae1 N7c6
21. Bb1 Rde8 22. Qg3 Kf7 23. h3 Nxd4 24. Nxd4 Nc4 25. Qxd6 Nxd6 26. f3 Nc4 27.
Rxe8 Rxe8 28. Rxe8 Bxe8 29. b3 Ne5 30. Kf2 Ke7 31. Ke3 Kd6 32. f4 Nc6 33. b4
Nxd4 34. Kxd4 b6 35. h4 h6 36. g3 g5 1/2-1/2

[Event "3. Copenhagen Open Politiken Cup"]
[Site "Brndby"]
[Date "1981.??.??"]
[Round "10"]
[White "Nielsen, Jrgen"]
[Black "Fuglsang, Flemming"]
[Result "1-0"]
[WhiteElo "2220"]
[BlackElo "2200"]
[PlyCount "69"]
[EventDate "1981.??.??"]
[EventType "swiss"]
[EventRounds "10"]
[EventCountry "DEN"]
[SourceDate "2004.01.01"]

1. d4 Nf6 2. c4 c5 3. e3 g6 4. Nc3 Bg7 5. Nf3 O-O 6. Be2 d6 7. O-O Nc6 8. d5
Na5 9. a3 Bg4 10. Nd2 Bxe2 11. Qxe2 Nd7 12. Nce4 Qb6 13. Rb1 Nb3 14. Nxb3 Qxb3
15. Nd2 Qc2 16. Qd1 Qd3 17. b4 cxb4 18. Rb3 Bc3 19. axb4 a5 20. b5 Nb6 21. Ne4
Qxd1 22. Rxd1 Bb4 23. c5 dxc5 24. d6 exd6 25. Nf6+ Kg7 26. Bb2 Nc4 27. Ba1 Kh6
28. e4 g5 29. h4 Rg8 30. hxg5+ Rxg5 31. f4 Rh5 32. Nxh5 Kxh5 33. Rg3 Nd2 34.
Bf6 h6 35. Rg7 1-0